Assessment of Customer Relationship Development

Marketing spotrebiteľských vzťahov a jeho nové trendy. Vývoj spotrebiteľských vzťahov. Materiály a metódy štúdie. Výsledky a diskusia.

Gespeichert in:
Bibliographische Detailangaben
1. Verfasser: Lesáková, Dagmar, 1949-
Format: Buchkapitel
Sprache:Englisch
Schlagworte:
Tags: Tag hinzufügen
Keine Tags, Fügen Sie das erste Tag hinzu!

MARC

LEADER 00000naa a2200000 4500
001 0134781
005 20240502083327.0
041 0 |a eng 
044 |a CZ 
245 1 0 |a Assessment of Customer Relationship Development  |c Dagmar Lesáková 
520 |a Marketing spotrebiteľských vzťahov a jeho nové trendy. Vývoj spotrebiteľských vzťahov. Materiály a metódy štúdie. Výsledky a diskusia. 
610 2 0 |a spotrebitelia 
610 2 0 |a spokojnosť zákazníkov 
610 2 0 |a marketing 
610 2 0 |a marketing vzťahový 
610 2 0 |a analýzy 
100 1 |a Lesáková, Dagmar, 1949-